书目信息 |
| 题名: |
电气工程综合实践
|
|
| 作者: | 刘峰 主编 | |
| 分册: | ||
| 出版信息: | 北京 中国电力出版社 2019.02 |
|
| 页数: | 171页 | |
| 开本: | 28cm | |
| 丛书名: | ||
| 单 册: | ||
| 中图分类: | 213.037.435 , TM | |
| 科图分类: | ||
| 主题词: | 电工技术 | |
| 电子资源: | ||
| ISBN: | 978-7-5198-2228-6 | |
| 000 | 00569nam0 2200205 450 | |
| 001 | 2036948474 | |
| 005 | 20200904101818.25 | |
| 010 | @a978-7-5198-2228-6@dCNY35.00 | |
| 100 | @a20200904d2019 km y0chiy0120 ea | |
| 101 | 0 | @achi |
| 102 | @aCN | |
| 200 | 1 | @a电气工程综合实践@Adian qi gong cheng zong he shi jian@f刘峰主编@Fliu feng zhu bian |
| 210 | @a北京@c中国电力出版社@d2019.02 | |
| 215 | @a171页@d28cm | |
| 606 | 0 | @a电工技术 |
| 690 | @a213.037.435@v4 | |
| 690 | @aTM@v4 | |
| 701 | 0 | @a刘峰@Aliu feng@4主编 |
| 801 | 0 | @aCN@bMUSE@c20200904 |
| 905 | @aMUSE@dTM@eL612 | |
| 电气工程综合实践/刘峰主编.-北京:中国电力出版社,2019.02 |
| 171页;28cm |
| ISBN 978-7-5198-2228-6:CNY35.00 |
| ● |
| 相关链接 |
|
|
|
正题名:电气工程综合实践
索取号:TM/L612
 
预约/预借
| 序号 | 登录号 | 条形码 | 馆藏地/架位号 | 状态 | 备注 |
| 1 | 1303743 | 213037435 | 自科库301/301自科库 1排3列1层/ [索取号:TM/L612] | 在馆 |